Statistics for Irish assorted sentences

Click here to take the quiz!

General Stats

  • This quiz has been taken 11 times
    (9 since last reset)
  • The average score is 13 of 22

Answer Stats

HintAnswer% Correct
he saiddúirt sé
100%
Aren't youNach bhfuil tú
100%
thatsin
100%
Can you?an feidir leat
75%
anyaon
75%
fordo
75%
You are notNíl tú
75%
thisseo
75%
Séamus has itTá sé ag Séamus
75%
He has itTá sé aige
75%
outsideamuigh
50%
Did you have itan bhfuil sé agat
50%
do you have itan bhfuil sé agat
50%
at allar bith
50%
halflenitionleith
50%
aftergenitivetar éis
50%
will you have itlenitionan mbeidh sé agat
25%
if you see himséimhumá fheiceann
25%
If you canmás feidir leat
25%
Do not take itNá tóg é
25%
over therethall ansin
25%
if you can'tlenitionmura féidir leat
0%

Score Distribution

Percentile by Number Answered

Percent of People with Each Score

Your Score History

You have not taken this quiz since the last reset